| 000 | 00873cam a2200265 a 4500 | ||
|---|---|---|---|
| 001 | 1511 | ||
| 003 | UkOxU | ||
| 005 | 20211208233341.0 | ||
| 008 | 950118s1949 enk 001 0 eng d | ||
| 035 | _a(BD-RjUL)1534 | ||
| 040 |
_aBD-RjUL _beng _cBD-RjUL |
||
| 041 | _aeng | ||
| 082 |
_a347.4209 _bPLL 1949 |
||
| 100 | 1 |
_aPlucknett, Theodore Frank Thomas, _d1897-1965. _91537 |
|
| 245 | 1 | 0 |
_aLegislation of Edward I : _bthe Ford lectures delivered in the University of Oxford in Hilary term 1947 / _cby T.F.T. Plucknett. |
| 246 | 3 | _aLegislation of Edward I | |
| 260 |
_aOxford : _bClarendon Press, _c1949. |
||
| 300 |
_axv, 168 p. ; _c23 cm. |
||
| 504 | _aIncludes index. | ||
| 600 | 0 | 0 |
_aEdward _cKing of England, _d1239-1307. _990856 |
| 650 | 0 |
_aLaw _zGreat Britain _xHistory _yTo 1500. _94563 |
|
| 830 | 0 |
_v1947 _990857 |
|
| 830 | 0 |
_aFord lectures ; _91538 |
|
| 942 |
_2ddc _cBK |
||
| 999 |
_c1511 _d1511 |
||